[Event "Provence-ch Majeur op 9495"]
[Site "France"]
[Date "1994.??.??"]
[Round "3"]
[White "Anton, Jose"]
[Black "Hurtevent, A."]
[Result "1-0"]
[WhiteElo "1800"]
[BlackElo "1700"]
[PlyCount "51"]
[EventDate "1994.??.??"]
[EventType "swiss"]
[EventRounds "9"]
[EventCountry "FRA"]
[SourceTitle "EXT 2005"]
[Source "ChessBase"]
[SourceDate "2004.11.15"]
[SourceVersion "1"]
[SourceVersionDate "2004.11.15"]
[SourceQuality "1"]

1. e4 e5 2. d4 exd4 3. c3 d5 4. exd5 Qxd5 5. cxd4 Nc6 6. Nf3 Bg4 7. Nc3 Bb4 8. Be2 Nf6 9. Be3 0-0 10. 0-0 Qd8 11. Qa4 a6 12. Rac1 h6 13. Rfd1 Bxc3 14. Rxc3 Nd5 15. Rcd3 Re8 16. a3 f5 17. Qc2 f4 18. Bc1 Bf5 19. Bf1 Bxd3 20. Bxd3 Qf6 21. Bc4 Nce7 22. Qe4 c6 23. Bxf4 Kh8 24. Be5 Qf5 25. Qh4 Ng6 26. Qxh6+ 1-0

[Event "Provence-ch Majeur op 9495"]
[Site "France"]
[Date "1994.??.??"]
[Round "1"]
[White "Busson, Benoist"]
[Black "Hurtevent, A."]
[Result "1-0"]
[WhiteElo "1860"]
[BlackElo "1700"]
[PlyCount "95"]
[EventDate "1994.??.??"]
[EventType "swiss"]
[EventRounds "9"]
[EventCountry "FRA"]
[SourceTitle "EXT 2005"]
[Source "ChessBase"]
[SourceDate "2004.11.15"]
[SourceVersion "1"]
[SourceVersionDate "2004.11.15"]
[SourceQuality "1"]

1. d4 d5 2. e4 e6 3. Nc3 Bb4 4. Bd2 b6 5. Qg4 Nf6 6. Qxg7 Rg8 7. Qh6 Bxc3 8. bxc3 Rg6 9. Qe3 dxe4 10. f3 Bb7 11. fxe4 Bxe4 12. Nf3 Bb7 13. Ne5 Ng4 14. Nxg4 Rxg4 15. 0-0-0 Nd7 16. Bd3 Qe7 17. h3 Rg8 18. Bxh7 Rg7 19. Be4 Qa3+ 20. Kb1 0-0-0 21. Bxb7+ Kxb7 22. g4 Rdg8 23. c4 Qa4 24. Qb3 Qc6 25. Rhf1 f5 26. d5 Qd6 27. dxe6 Qxe6 28. Rxf5 Qe2 29. Qf3+ Qxf3 30. Rxf3 Rh7 31. Bc3 Nc5 32. Re1 Nd7 33. Ree3 Kc8 34. Bf6 Kb7 35. g5 Kc8 36. Kb2 Nxf6 37. gxf6 Rf7 38. Re7 Rxe7 39. fxe7 Re8 40. Rf7 Kd7 41. Kc3 Ke6 42. Rf3 Kd7 43. Re3 c6 44. a4 c5 45. Kd2 Kc6 46. Ke2 Kc7 47. Kf3 Kd7 48. Kf4 1-0

[Event "Provence-ch Majeur op 9495"]
[Site "France"]
[Date "1994.??.??"]
[Round "2"]
[White "Hurtevent, A."]
[Black "Pieri, Thierry"]
[Result "1-0"]
[WhiteElo "1700"]
[BlackElo "1780"]
[PlyCount "127"]
[EventDate "1994.??.??"]
[EventType "swiss"]
[EventRounds "9"]
[EventCountry "FRA"]
[SourceTitle "EXT 2005"]
[Source "ChessBase"]
[SourceDate "2004.11.15"]
[SourceVersion "1"]
[SourceVersionDate "2004.11.15"]
[SourceQuality "1"]

1. e4 d6 2. d4 Nf6 3. Nc3 g6 4. Nf3 Bg7 5. Be2 0-0 6. 0-0 Bg4 7. Be3 Nc6 8. Qd2 e5 9. d5 Ne7 10. Rad1 Bd7 11. Ne1 Ng4 12. Bxg4 Bxg4 13. f3 Bd7 14. f4 Bg4 15. Rb1 c6 16. h3 Bd7 17. fxe5 dxe5 18. d6 Nc8 19. Rd1 Nb6 20. b3 Be6 21. Bh6 f5 22. Bxg7 Kxg7 23. Nf3 Qf6 24. exf5 gxf5 25. Ng5 Bd5 26. Nge4 Qh6 27. Nxd5 Nxd5 28. c4 Ne3 29. Rf3 f4 30. Re1 Qg6 31. Nc3 Rad8 32. c5 b6 33. b4 Rf6 34. Nd1 e4 35. Rf2 Nc4 36. Qc3 Kh6 37. Qxc4 e3 38. Rf3 Rg8 39. Re2 Rg7 40. Qc2 Qxc2 41. Rxc2 Re6 42. Re2 Re4 43. a3 a5 44. Kh2 axb4 45. axb4 Rxb4 46. cxb6 Rd4 47. Nxe3 fxe3 48. Rfxe3 Rxd6 49. Re6+ Rg6 50. b7 Rd8 51. Re8 Rg8 52. R2e6+ Kg7 53. Rxg8+ Rxg8 54. Rxc6 Rb8 55. Rb6 Kf7 56. g3 Ke7 57. g4 Kd7 58. Kg3 Kc7 59. Rb3 Kc6 60. Kf4 Kc7 61. Kg5 Rg8+ 62. Kh6 Kb8 63. Kxh7 Rg5 64. Kh6 1-0

[Event "Provence-ch access Meyreuil 9394"]
[Site "France"]
[Date "1993.??.??"]
[Round "8"]
[White "Hurtevent, A."]
[Black "Pieri, Thierry"]
[Result "1-0"]
[WhiteElo "1690"]
[BlackElo "1800"]
[PlyCount "107"]
[EventDate "1993.??.??"]
[EventType "tourn"]
[EventRounds "9"]
[EventCountry "FRA"]
[SourceTitle "EXT 2005"]
[Source "ChessBase"]
[SourceDate "2004.11.15"]
[SourceVersion "1"]
[SourceVersionDate "2004.11.15"]
[SourceQuality "1"]

1. e4 d6 2. d4 Nf6 3. Nc3 g6 4. Nf3 Bg7 5. h3 0-0 6. Be3 c6 7. a4 Qa5 8. Qd2 Rd8 9. Rd1 Na6 10. Be2 c5 11. 0-0 cxd4 12. Nxd4 Nc5 13. f3 Nh5 14. Rb1 Qb4 15. Rfd1 Nxa4 16. Nxa4 Qxa4 17. Bb5 Qa2 18. Ra1 Qxb2 19. Rdb1 Qxa1 20. Rxa1 a6 21. Bd3 d5 22. exd5 Rxd5 23. Bc4 Rd6 24. Qf2 Nf4 25. Kh1 Ne6 26. Bxe6 Bxe6 27. Rb1 b5 28. Nxe6 Rxe6 29. Bd4 Bf8 30. Re1 Rc6 31. c3 f6 32. f4 a5 33. Qf3 Rac8 34. Qd5+ Kg7 35. Qxb5 Rd6 36. Qxa5 Rcd8 37. Qa4 Rd5 38. Qc4 h5 39. Re6 Kf7 40. Re1 Bh6 41. Qe2 e5 42. fxe5 fxe5 43. Qf3+ Ke6 44. Qe4 Bg7 45. Qxg6+ Bf6 46. Qxh5 Rf8 47. Qe2 Kd7 48. Qa2 Ke6 49. Qa6+ Kf5 50. g4+ Kg5 51. Qe6 Rdd8 52. Qf5+ Kh6 53. Bxe5 Bxe5 54. Qxe5 1-0

[Event "Provence-ch Majeur op 9293"]
[Site "France"]
[Date "1992.??.??"]
[Round "5"]
[White "Girard, Jean Pierre"]
[Black "Hurtevent, A."]
[Result "1-0"]
[WhiteElo "1880"]
[BlackElo "1740"]
[PlyCount "76"]
[EventDate "1992.??.??"]
[EventType "swiss"]
[EventRounds "9"]
[EventCountry "FRA"]
[SourceTitle "EXT 2005"]
[Source "ChessBase"]
[SourceDate "2004.11.15"]
[SourceVersion "1"]
[SourceVersionDate "2004.11.15"]
[SourceQuality "1"]

1. e4 e6 2. d4 d5 3. Nd2 c5 4. Ngf3 Nc6 5. Bb5 Bd7 6. exd5 exd5 7. 0-0 Bd6 8. dxc5 Bxc5 9. Nb3 Bb6 10. Qxd5 Nge7 11. Qe4 0-0 12. Bg5 f6 13. Bf4 Re8 14. Rad1 Qc8 15. Bg3 Nf5 16. Qd3 Nxg3 17. hxg3 Bf5 18. Qc4+ Be6 19. Qa4 Qc7 20. Bxc6 bxc6 21. Nbd4 Bg4 22. c4 Rad8 23. c5 Bxc5 24. Qc4+ Rd5 25. Nb3 Bxf3 26. Rxd5 Bxd5 27. Qxc5 Bxb3 28. axb3 Re5 29. Qc4+ Kf8 30. Rc1 c5 31. b4 Qb6 32. b5 g6 33. b4 cxb4 34. Qxb4+ Kg7 35. Rc8 Kh6 36. Qf8+ Kg5 37. Rc6 Re1+ 38. Kh2 Qxf2 1-0

[Event "Provence-ch Majeur op 9293"]
[Site "France"]
[Date "1992.??.??"]
[Round "4"]
[White "Hurtevent, A."]
[Black "Didier, Michel"]
[Result "0-1"]
[WhiteElo "1740"]
[BlackElo "2100"]
[PlyCount "80"]
[EventDate "1992.??.??"]
[EventType "swiss"]
[EventRounds "9"]
[EventCountry "FRA"]
[SourceTitle "EXT 2005"]
[Source "ChessBase"]
[SourceDate "2004.11.15"]
[SourceVersion "1"]
[SourceVersionDate "2004.11.15"]
[SourceQuality "1"]

1. e4 e5 2. Nf3 Nc6 3. Bb5 a6 4. Ba4 Nf6 5. d3 b5 6. Bb3 Bc5 7. c3 0-0 8. 0-0 d6 9. h3 Bb6 10. Nbd2 Na5 11. Bc2 c5 12. b4 cxb4 13. cxb4 Nc6 14. a3 Ne8 15. Bb3 Nc7 16. Bb2 Ne6 17. Bd5 Bd7 18. Bxc6 Bxc6 19. g3 Bd7 20. Kh2 Rc8 21. Rc1 Qf6 22. Qe2 Qh6 23. Ng1 g5 24. Nb3 Qg6 25. Rxc8 Rxc8 26. Rc1 h5 27. Rxc8+ Bxc8 28. Bc1 g4 29. h4 f5 30. exf5 Qxf5 31. Be3 Bd8 32. Nd2 d5 33. d4 exd4 34. Bxd4 Nxd4 35. Qe8+ Qf8 36. Qg6+ Kh8 37. Qxh5+ Kg7 38. Qe5+ Bf6 39. Qc7+ Be7 40. Qe5+ Qf6 0-1